| 000 | 00373nam a2200133Ia 4500 | ||
|---|---|---|---|
| 005 | 20260326100034.0 | ||
| 008 | 260326s9999||||xx |||||||||||||| ||und|| | ||
| 100 | _aDe la Maza, Francisco | ||
| 245 | 0 |
_aEl alabastro en el Arte Colonial de México / _cFrancisco De la Maza |
|
| 260 | _bInstituto Nacional de AntropologĂa | ||
| 300 | _a137 p. | ||
| 650 | _aARTE | ||
| 942 | _cBK | ||
| 999 |
_c6730 _d6730 |
||